000 00902nam a2200205 a 4500
001 000664530
003 AM-YeHGA
005 20250617141718.0
008 090605s1975 ai | |||||||||||||rus|d
040 _aAM-YeHGA
041 0 _arus
245 0 0 _aСовершенствование конструкции сельскохозяйственной техники /
_cМСХ СССР; Ульяновский с.-х ин-т.
260 _aУльяновск :
_bБ. и.,
_c1975.
300 _a172 с. :
_bтабл., схемы ;
_c21 см.
650 1 4 _aМеханизация сельского хозяйства
650 1 4 _aСельскохозяйственные машины и орудия
710 2 _aМинистерство сельского хозяйства СССР
710 2 _aУльяновский сельскохозяйственный институт
090 _c245428
999 _c243844
_d243844